000 00596nam a2200217Ia 4500
003 OSt
005 20220923230840.0
006 a|||||r|||| 00| 0
007 ta
008 Pun
024 _a306,061
037 _cTextual
040 _aARTS
_cARTS
_bPun
041 _2Pun
_aPun
082 _aQ8441:2I69:g, 153K0
100 _aਪਕਮ, ਪਿਆਰਾ ਸਿੰਘ
245 0 _aਸਭ ਤੋ੍ਵ ਵਡਾ ਸਗਿੁਰ ਨਾਨਕ
260 _c1960
942 _hQ8441:2I69:g, 153K0
_cTEXL
_2CC
999 _c387848
_d387848